| 000 | 00888nam a2200277 a 4500 | ||
|---|---|---|---|
| 001 | BRCA_7584 | ||
| 005 | 20190320205911.0 | ||
| 008 | 200613s1962----sp-a######---#000-0#spa-# | ||
| 041 | _aspa | ||
| 044 | _asp | ||
| 050 | 4 |
_aN3455.M79 _b.F47 1962 |
|
| 100 | 1 |
_aFernández Vega de Ferrandis, Pilar _918707 |
|
| 245 | 1 | 0 |
_aEl Museo de América _cPilar Fernández Vega de Ferrandis. |
| 260 |
_aMadrid _bMemoria del Curso _c1962 |
||
| 300 |
_a21 p. _bil., 10 láminas _c24 cm. |
||
| 500 | _aEstado físico: portada y contraportada rotas, sujetadas por un lazo. | ||
| 500 | _aSeparata de la Catedra ´Fernando el Católico´ | ||
| 500 | _aS83 | ||
| 610 | 2 | 4 |
_aMuseo de América (Madrid) _918708 |
| 650 | 1 | 4 |
_aArte _zMadrid _97766 |
| 650 | 1 | 4 |
_aGalerías y museos _zEspaña _97331 |
| 650 | 1 | 4 |
_aArte colonial _97904 |
| 650 | 1 | 4 |
_aArte precolombino _918709 |
| 902 | _aGFM | ||
| 942 |
_2lcc _cB |
||
| 999 |
_c7258 _d7258 |
||